000
00305nam a2200133Ia 4500
100
_a
Venkatesh/ V.C.
942
_c
BK
654
_a
metal cutting
245
_a
Experimental methods in metal cutting
260
_b
prentice hall
_a
New Delhi
_c
1982
082
_a
671.53
300
_a
525
546
_a
ENGLISH
999
_c
34268
_d
34268